| 000 | 00458nam a2200169Ia 4500 | ||
|---|---|---|---|
| 003 | GCL | ||
| 008 | 140319s9999 xx 000 0 eng d | ||
| 040 |
_aGCL / _cGCL |
||
| 082 | 0 | 4 |
_a005.13 _bS E |
| 100 | 1 | _aSHUMAN, JAMES E. | |
| 245 | 1 | 0 |
_aEXCEL 4.0 FOR WINDOWS / _cSHUMAN, JAMES E. |
| 260 |
_a[S.N] : _bINTERNATIONAL THMSON PUBLISHING ، _c1994 |
||
| 650 | 0 | 4 | _aCOMPUTER LANGUAGE |
| 650 | 0 | 4 | _aSPREAD SHEETS |
| 650 | 0 | 4 | _aEXCEL WINDOWS |
| 942 |
_2ddc _cBK |
||
| 999 |
_c22801 _d22801 |
||